| 000 | 01264nam a2200325 a 4500 | ||
|---|---|---|---|
| 001 | 76290 | ||
| 003 | BD-RjUL | ||
| 005 | 20211209082824.0 | ||
| 008 | 781120s1979 nyuaf b 001 0 eng | ||
| 020 |
_a0393090833 _qpaperback |
||
| 035 | _a(BD-RjUL)76511 | ||
| 040 |
_aDLC _erda _cDLC _dDLC _dUkOxU _dBD-RjUL _beng |
||
| 041 | _aeng | ||
| 082 | 0 | 0 |
_a821.7 _223 |
| 100 | 1 |
_aBlake, William, _d1757-1827, _eauthor. _9235200 |
|
| 245 | 1 | 0 |
_aBlake's poetry and designs : _bauthoritative texts, illuminations in color and monochrome, related prose, criticism / _cselected and edited by Mary Lynn Johnson, John E. Grant. |
| 250 | _a1st ed. , 1st south Asian ed. | ||
| 264 | 1 |
_aNew York : _bNorton ; _c1979. |
|
| 300 |
_axlviii, 618 p. , [32] leaves of plates : _bill. ; _c22 cm |
||
| 490 | 0 | _aA Norton critical edition | |
| 500 | _aIncludes indexes. | ||
| 504 | _aIncludes bibliographical references (pages 602-607) and index. | ||
| 600 | 1 | 0 |
_aBlake, William, _d1757-1827 _xCriticism and interpretation. _9235208 |
| 700 | 1 |
_aJohnson, Mary Lynn, _d1937-, ed. _9235209 |
|
| 700 | 1 |
_aGrant, John E. _q(John Ernest), jt ed. _9235210 |
|
| 830 |
_aA Norton critical edition _9235211 |
||
| 942 |
_2ddc _cBK |
||
| 999 |
_c76290 _d76290 |
||